Pokémon by picture (Generation 1-4) - Statistics

General Stats
  • This quiz has been taken 728 times
    725 since last reset
  • The average score is 316 of 493
Answer Stats
Picture Answer % Correct
Bulbasuar
97%
Charmander
93%
Ivysaur
93%
Charizard
92%
Charmeleon
91%
Squirtle
91%
Blastoise
90%
Pikachu
90%
Venusaur
90%
Raichu
88%
Rattata
88%
Wartortle
88%
Beedril
87%
Butterfree
87%
Caterpie
87%
Cleffa
87%
Jigglypuff
87%
Psyduck
87%
Abra
86%
Diglett
86%
Dugtrio
86%
Ekans
86%
Meowth
86%
Pidgeot
86%
Weedle
86%
Alakazam
85%
Arbok
85%
Clefairy
85%
Kadabra
85%
Metapod
85%
Pidgey
85%
Gengar
84%
Kakuna
84%
Machamp
84%
Mew
84%
Nidoking
84%
Ninetales
84%
Pidgeotto
84%
Sandshrew
84%
Vulpix
84%
Zubat
84%
Eevee
83%
Gastly
83%
Geodude
83%
Machoke
83%
Machop
83%
Mankey
83%
Nidoqueen
83%
Nidoran♀
83%
Nidoran♂
83%
Oddish
83%
Onix
83%
Spearow
83%
Clefable
82%
Fearow
82%
Golduck
82%
Haunter
82%
Magikarp
82%
Mewtwo
82%
Mr. Mime
82%
Ponyta
82%
Raticate
82%
Sandslash
82%
Slowpoke
82%
Snorlax
82%
Ditto
81%
Flareon
81%
Golbat
81%
Hitmonlee
81%
Lapras
81%
Lickitung
81%
Muk
81%
Nidorina
81%
Nidorino
81%
Paras
81%
Persian
81%
Rapidash
81%
Vaporeon
81%
Arcanine
80%
Dragonite
80%
Growlithe
80%
Jolteon
80%
Slowbro
80%
Tentacruel
80%
Voltorb
80%
Wigglytuff
80%
Chansey
79%
Cubone
79%
Doduo
79%
Gloom
79%
Golem
79%
Graveler
79%
Hitmonchan
79%
Hypno
79%
Jynx
79%
Koffing
79%
Poliwhirl
79%
Porygon
79%
Scyther
79%
Tentacool
79%
Weezing
79%
Zapdos
79%
Articuno
78%
Bellsprout
78%
Dratini
78%
Farfetch'd
78%
Gyarados
78%
Magmar
78%
Magnemite
78%
Pichu
78%
Poliwag
78%
Tangela
78%
Electabuzz
77%
Grimer
77%
Krabby
77%
Magneton
77%
Moltres
77%
Poliwrath
77%
Primeape
77%
Rhydon
77%
Cloyster
76%
Dragonair
76%
Drowzee
76%
Goldeen
76%
Parasect
76%
Seel
76%
Starmie
76%
Staryu
76%
Tauros
76%
Aerodactyl
75%
Electrode
75%
Horsea
75%
Kangaskhan
75%
Marowak
75%
Pinsir
75%
Venomoth
75%
Kabuto
74%
Rhyhorn
74%
Slowking
74%
Umbreon
74%
Venonat
74%
Weepinbell
74%
Chikorita
73%
Cyndaquil
73%
Dodrio
73%
Kabutops
73%
Kingler
73%
Mudkip
73%
Seaking
73%
Vileplume
73%
Espeon
72%
Seadra
72%
Steelix
72%
Victreebel
72%
Dewgong
71%
Ho-oh
71%
Togepi
71%
Torchic
71%
Totodile
71%
Exeggcute
70%
Exeggutor
70%
Hoothoot
70%
Shellder
70%
Bayleef
69%
Crobat
69%
Houndoom
69%
Lugia
69%
Mareep
69%
Marill
69%
Omanyte
69%
Omastar
69%
Treecko
69%
Leafeon
68%
Piplup
68%
Sudowoodo
68%
Typhlosion
68%
Azumarill
67%
Blaziken
67%
Celebi
67%
Gardevoir
67%
Hitmontop
67%
Lucario
67%
Miltank
67%
Natu
67%
Regirock
67%
Tyranitar
67%
Entei
66%
Glaceon
66%
Porygon2
66%
Rayquaza
66%
Regice
66%
Suicune
66%
Unown
66%
Wooper
66%
Xatu
66%
Bidoof
65%
Kingdra
65%
Meganium
65%
Plusle
65%
Ralts
65%
Registeel
65%
Wobbuffet
65%
Zigzagoon
65%
Ampharos
64%
Arceus
64%
Elekid
64%
Furret
64%
Groudon
64%
Igglybuff
64%
Kyogre
64%
Latios
64%
Murkrow
64%
Noctowl
64%
Nosepass
64%
Teddiursa
64%
Turtwig
64%
Aipom
63%
Aron
63%
Chimchar
63%
Feraligatr
63%
Garchomp
63%
Latias
63%
Palkia
63%
Porygon-Z
63%
Quagsire
63%
Quilava
63%
Raikou
63%
Togetic
63%
Wailord
63%
Absol
62%
Deoxys
62%
Dialga
62%
Heracross
62%
Houndour
62%
Larvitar
62%
Minun
62%
Misdreavus
62%
Pineco
62%
Scizor
62%
Skarmory
62%
Slaking
62%
Slugma
62%
Spheal
62%
Swampert
62%
Ursaring
62%
Wurmple
62%
Girafarig
61%
Ledyba
61%
Phanpy
61%
Roselia
61%
Sableye
61%
Sceptile
61%
Sharpedo
61%
Sneasel
61%
Starly
61%
Togekiss
61%
Wailmer
61%
Blissey
60%
Delibird
60%
Empoleon
60%
Giratina
60%
Infernape
60%
Kirlia
60%
Lopunny
60%
Lotad
60%
Luxray
60%
Metagross
60%
Poochyena
60%
Pupitar
60%
Regigigas
60%
Riolu
60%
Skitty
60%
Spinarak
60%
Sunflora
60%
Yanma
60%
Combusken
59%
Croconaw
59%
Darkrai
59%
Munchlax
59%
Rotom
59%
Salamence
59%
Sentret
59%
Solrock
59%
Sunkern
59%
Swinub
59%
Torterra
59%
Trapinch
59%
Altaria
58%
Dunsparce
58%
Feebas
58%
Flaaffy
58%
Flygon
58%
Hoppip
58%
Lanturn
58%
Loudred
58%
Magby
58%
Milotic
58%
Politoed
58%
Shinx
58%
Shuckle
58%
Wingull
58%
Aggron
57%
Cascoon
57%
Gligar
57%
Granbull
57%
Grovyle
57%
Jirachi
57%
Luvdisc
57%
Mamoswine
57%
Mime Jr.
57%
Octillery
57%
Pelipper
57%
Piloswine
57%
Seedot
57%
Snubbull
57%
Spoink
57%
Staraptor
57%
Torkoal
57%
Bagon
56%
Beautifly
56%
Bellossom
56%
Buneary
56%
Castform
56%
Duskull
56%
Gible
56%
Linoone
56%
Ludicolo
56%
Magnezone
56%
Marshtomp
56%
Medicham
56%
Meditite
56%
Roserade
56%
Seviper
56%
Shroomish
56%
Smoochum
56%
Stantler
56%
Swablu
56%
Taillow
56%
Beldum
55%
Camerupt
55%
Combee
55%
Corsola
55%
Donphan
55%
Drifloon
55%
Gallade
55%
Ledian
55%
Magmortar
55%
Mantine
55%
Mawile
55%
Metang
55%
Mightyena
55%
Numel
55%
Shuppet
55%
Silcoon
55%
Smeargle
55%
Spinda
55%
Staravia
55%
Weavile
55%
Abomasnow
54%
Ariados
54%
Buizel
54%
Dusclops
54%
Dustox
54%
Heatran
54%
Lunatone
54%
Magcargo
54%
Nuzleaf
54%
Remoraid
54%
Yanmega
54%
Azurill
53%
Bronzor
53%
Chinchou
53%
Croagunk
53%
Electrike
53%
Floatzel
53%
Forretress
53%
Gabite
53%
Gulpin
53%
Hariyama
53%
Kricketune
53%
Lickilicky
53%
Luxio
53%
Makuhita
53%
Ninjask
53%
Pachirisu
53%
Qwilfish
53%
Rhyperior
53%
Shaymin
53%
Shedinja
53%
Slakoth
53%
Snorunt
53%
Spiritomb
53%
Surskit
53%
Tangrowth
53%
Toxicroak
53%
Ambipom
52%
Breloom
52%
Budew
52%
Delcatty
52%
Dusknoir
52%
Exploud
52%
Jumpluff
52%
Mismagius
52%
Nincada
52%
Prinplup
52%
Tyrogue
52%
Uxie
52%
Whismur
52%
Zangoose
52%
Baltoy
51%
Banette
51%
Cacnea
51%
Cacturne
51%
Glalie
51%
Gliscor
51%
Honchkrow
51%
Kricketot
51%
Lombre
51%
Monferno
51%
Purugly
51%
Swellow
51%
Tropius
51%
Azelf
50%
Bibarel
50%
Bronzong
50%
Cresselia
50%
Electivire
50%
Kecleon
50%
Lairon
50%
Manaphy
50%
Manectric
50%
Mantyke
50%
Shelgon
50%
Shiftry
50%
Whiscash
50%
Barboach
49%
Cherubi
49%
Drifblim
49%
Gastrodon
49%
Mesprit
49%
Skuntank
49%
Stunky
49%
Vespiquen
49%
Vibrava
49%
Vigoroth
49%
Volbeat
49%
Bonsly
48%
Carvanha
48%
Chatot
48%
Claydol
48%
Froslass
48%
Probopass
48%
Relicanth
48%
Skiploom
48%
Walrein
48%
Wynaut
48%
Burmy
47%
Chimecho
47%
clamperl
47%
Grotle
47%
Happiny
47%
Lileep
47%
Shellos
47%
Skorupi
47%
Carnivine
46%
Corphish
46%
Cranidos
46%
Grumpig
46%
Hippowdon
46%
Illumise
46%
Sealeo
46%
Snover
46%
Swalot
46%
Crawdaunt
45%
Glameow
45%
Shieldon
45%
Bastiodon
44%
Chingling
44%
Lumineon
44%
Anorith
43%
Cherrim
43%
Cradily
43%
Hippopotas
43%
Phione
43%
Rampardos
43%
Armaldo
42%
Drapion
42%
Finneon
42%
Masquerain
42%
Gorebyss
40%
Huntail
39%
Mothim
38%
Wormadam
38%
No matching quizzes found
Score Distribution
Percent of People with Each Score
Percentile by Number Answered
Your Score History
You have not taken this quiz since the last reset